Art of effective English writing : (Record no. 11506)
[ view plain ]
| 000 -LEADER | |
|---|---|
| fixed length control field | 01012nam a22002777a 4500 |
| 003 - CONTROL NUMBER IDENTIFIER | |
| control field | EG-ScBUE |
| 005 - DATE AND TIME OF LATEST TRANSACTION | |
| control field | 20200202125927.0 |
| 008 - FIXED-LENGTH DATA ELEMENTS--GENERAL INFORMATION | |
| fixed length control field | 090510s2009 ii f 000 0 eng d |
| 020 ## - INTERNATIONAL STANDARD BOOK NUMBER | |
| International Standard Book Number | 8121921309 |
| 020 ## - INTERNATIONAL STANDARD BOOK NUMBER | |
| International Standard Book Number | 9788121928564 |
| 040 ## - CATALOGING SOURCE | |
| Original cataloging agency | EG-ScBUE |
| Language of cataloging | eng |
| Description conventions | rda |
| Transcribing agency | EG-ScBUE |
| Modifying agency | EG-ScBUE |
| 082 04 - DEWEY DECIMAL CLASSIFICATION NUMBER | |
| Classification number | 427 |
| Item number | SIN |
| Edition number | 22 |
| 100 1# - MAIN ENTRY--PERSONAL NAME | |
| Personal name | Singh, Meena, |
| Relator term | author. |
| 245 10 - TITLE STATEMENT | |
| Title | Art of effective English writing : |
| Remainder of title | for students of ICSE / |
| Statement of responsibility, etc | Meena Singh, former senior English teacher, loreto convent, Lucknow (U.P.), The Gandhi Memorial International School, Jakarta, Indonesia, O. P. Singh. |
| 250 ## - EDITION STATEMENT | |
| Edition statement | Reprinted edition. |
| 264 #1 - PUBLICATION, DISTRIBUTION, ETC. (IMPRINT) | |
| Place of publication, distribution, etc | Ram Nagar, New Delhi : |
| Name of publisher, distributor, etc | S. Chand and Company, |
| Date of publication, distribution, etc | 2009. |
| 300 4# - PHYSICAL DESCRIPTION | |
| Extent | xvii, 416 pages ; |
| Dimensions | 23 cm |
| 336 ## - CONTENT TYPE | |
| Source | rdacontent |
| Content type term | text |
| Content type code | txt |
| 337 ## - MEDIA TYPE | |
| Source | rdamedia |
| Media type term | unmediated |
| Media type code | n |
| 338 ## - CARRIER TYPE | |
| Source | rdacarrier |
| Carrier type term | volume |
| Carrier type code | nc |
| 650 #7 - SUBJECT ADDED ENTRY--TOPICAL TERM | |
| Topical term or geographic name as entry element | English language |
| General subdivision | Writing. |
| Source of heading or term | BUEsh |
| 9 (RLIN) | 4388 |
| 653 ## - INDEX TERM--UNCONTROLLED | |
| Resource For college | Humanities: English |
| Arrived date list | January2020 |
| 655 ## - INDEX TERM--GENRE/FORM | |
| Form subdivision | Reading book |
| 700 1# - ADDED ENTRY--PERSONAL NAME | |
| Personal name | Singh, O. P, |
| Relator term | author. |
| 942 ## - ADDED ENTRY ELEMENTS (KOHA) | |
| Source of classification or shelving scheme | Dewey Decimal Classification |
| Koha item type | Book - Borrowing |
| Withdrawn status | Lost status | Source of classification or shelving scheme | Damaged status | Not for loan | Collection code | Home library | Current library | Shelving location | Date acquired | Source of acquisition | Cost, normal purchase price | Serial Enumeration / chronology | Total Checkouts | Total Renewals | Full call number | Barcode | Date last seen | Date checked out | Price effective from | Koha item type |
|---|---|---|---|---|---|---|---|---|---|---|---|---|---|---|---|---|---|---|---|---|
| Dewey Decimal Classification | Alahram | Central Library | Central Library | Second Floor | 10/05/2009 | 56.00 | 356 | 4 | 8 | 427 SIN | 000016292 | 15/07/2025 | 06/07/2011 | 10/05/2009 | Book - Borrowing | |||||
| Dewey Decimal Classification | Alahram | Central Library | Central Library | Second Floor | 10/05/2009 | 56.00 | 355 | 427 SIN | 000016293 | 15/07/2025 | 10/05/2009 | NB - Book (Non borrowing) |